[Event "PER-ch"]
[Site "Lima"]
[Date "2023.09.03"]
[Round "8"]
[White "Campos Montesinos, Andrew Uxon"]
[Black "Ricaldi Astuvilca, Piero Stefano"]
[Result "1-0"]
[WhiteElo "1158"]
[BlackElo "1346"]
[PlyCount "64"]
[EventDate "2023.08.29"]
[EventType "swiss"]
[EventRounds "9"]
[EventCountry "PER"]
[SourceTitle "CBM 216 Extra"]
[Source "ChessBase"]
[SourceDate "2023.11.30"]
[SourceVersion "1"]
[SourceVersionDate "2023.11.30"]
[SourceQuality "1"]

1. d4 Nf6 2. c4 e6 3. Nf3 b6 4. Nc3 Bb7 5. Bg5 d5 6. cxd5 exd5 7. e3 Be7 8. Bd3 Nbd7 9. 0-0 0-0 10. Re1 c5 11. Qc2 h6 12. Bh4 a6 13. h3 Re8 14. Bg3 Rc8 15. Bf5 Ne4 16. Bh2 g6 17. Bxd7 Qxd7 18. Ne5 Qe6 19. f3 Nd6 20. Rad1 cxd4 21. exd4 Qf5 22. Qf2 Bd8 23. g4 Qf6 24. Re2 Re7 25. Qe3 Kg7 26. Qd3 Bc7 27. Nd7 Qh4 28. Be5+ Kg8 29. Nf6+ Kf8 30. Kg2 Nc4 31. Nfxd5 Nxe5 32. dxe5 Rxe5 1-0

[Event "PER-ch"]
[Site "Lima"]
[Date "2023.09.01"]
[Round "5"]
[White "Fernandez Monteza, Fabian Arturo"]
[Black "Campos Montesinos, Andrew Uxon"]
[Result "1-0"]
[WhiteElo "1353"]
[BlackElo "1158"]
[PlyCount "44"]
[EventDate "2023.08.29"]
[EventType "swiss"]
[EventRounds "9"]
[EventCountry "PER"]
[SourceTitle "CBM 216 Extra"]
[Source "ChessBase"]
[SourceDate "2023.11.30"]
[SourceVersion "1"]
[SourceVersionDate "2023.11.30"]
[SourceQuality "1"]

1. e4 e5 2. Nf3 Nc6 3. d4 exd4 4. Bc4 d6 5. Nxd4 Nge7 6. 0-0 g6 7. Bg5 Bg7 8. c3 Nxd4 9. cxd4 Be6 10. Bxe6 fxe6 11. Nc3 0-0 12. Qg4 Bf6 13. Qxe6+ Kg7 14. Bxf6+ Rxf6 15. Qc4 Nc6 16. f4 Qf8 17. Nd5 Rf7 18. e5 Na5 19. Qc3 b6 20. Nxc7 Rc8 21. Ne6+ Kg8 22. Nxf8 Rcxf8 1-0